Proyecto de Código civil cubano (Record no. 25211)

MARC details
000 -LEADER
campo de control de longitud fija 00570nam a2200181 i 4500
001 - NÚMERO DE CONTROL
campo de control 25211
003 - IDENTIFICADOR DE NÚMERO DE CONTROL
campo de control ES-MaACL
005 - FECHA Y HORA DE LA ÚLTIMA TRANSACCIÓN
campo de control 20250930063039.0
007 - CAMPO FIJO DE DESCRIPCIÓN FÍSICA--INFORMACIÓN GENERAL
campo de control de longitud fija t|
008 - DATOS DE LONGITUD FIJA--INFORMACIÓN GENERAL
campo de control de longitud fija 021223s1929 cu ||||1| spa d
100 1# - ENTRADA PRINCIPAL--NOMBRE DE PERSONA
Nombre de persona Aramburo y Machado, Mariano,
Fechas asociadas al nombre 1870-1942
9 (RLIN) 22220
245 10 - MENCIÓN DEL TÍTULO
Título Proyecto de Código civil cubano
Resto del título : (libro 1º) /
Mención de responsabilidad, etc. Mariano Aramburo y Machado.
260 ## - PUBLICACIÓN, DISTRIBUCIÓN, ETC.
Lugar de publicación, distribución, etc. Habana :
Nombre del editor, distribuidor, etc. Imp. de Rambla, Bouza y Cía.,
Fecha de publicación, distribución, etc. 1929.
300 ## - DESCRIPCIÓN FÍSICA
Extensión 104 p. ;
Dimensiones 23 cm.
650 #4 - PUNTO DE ACCESO ADICIONAL DE MATERIA--TÉRMINO DE MATERIA
Término de materia o nombre geográfico como elemento de entrada Derecho civil-
Subdivisión geográfica Cuba.
9 (RLIN) 171521
852 ## - LOCALIZACIÓN
Ubicación ES-MaACL
Número de control de estantería B-5482
Holdings
Estatus retirado Estado de pérdida Estado de daño No para préstamo Biblioteca de origen Biblioteca actual Ubicación en estantería Fecha de adquisición Fuente de adquisición Total de préstamos Signatura topográfica completa Código de barras Visto por última vez Precio de reemplazo Tipo de ítem Koha
        Biblioteca del Ateneo de Madrid Biblioteca del Ateneo de Madrid Sala Pardo Bazán 17/01/2008     B-5482 1025992 23/02/2023 23/02/2023 Libro impreso